Among Us Quiz - Statistics

General Stats
  • This quiz has been taken 42 times
  • The average score is 9 of 12
Answer Stats
Question Answer % Correct
In which year was the game released? 2018
100%
Can you complete tasks as an Impostor? No
100%
How many impostors can there be in a single match? 3
93%
Which ability allows the impostors to conceal themselves and travel quickly to other areas of the map? Vent
93%
What is the maximum amount of people that can play in a lobby? 10
89%
What is the minimum amount of people that can play in a lobby? 4
86%
In The Skeld, which room is commonly regarded as the most dangerous for crewmates? Electrical
86%
Which studio developed the game? Innersloth
82%
Which Room Would You Swipe A Card In? Admin
79%
In what part of the Skeld map does a task tell you to "take a break"? MedBay
54%
What are the two teams that people can play as? Crewmates and Imposters
21%
Which politician is famous for playing Among Us? AOC
11%
No matching quizzes found
Score Distribution
Percent of People with Each Score
Percentile by Number Answered
Your Score History
You have not taken this quiz